Buteur Français lors d'un match de coupe du monde - Statistiques

Statistiques générales
  • Ce quiz a été pris 148 fois
  • Le résultat moyen est 10 sur 20
Answers on the Grid
Answers color-coded by a green-red scale on the quiz's grid according to % correct below.
Florent Malouda
Sylvain Wiltord
Michel Platini
Alou diarra
Marius trésor
Robert Pires
Marcel Desailly
Lilian Thuram
Mamadou Sakho
Laurent Blanc
Karim Benzema
Sabri Lamouchi
Emmanuel Petit
Mathieu Debuchy
Moussa Sissoko
Claude Makelele
Luis Fernandez
Mathieu Valbuena
Aurélien Tchouameni
Bernard Diomède
Bixente Lizarazu
Jean Tigana
Florian Thauvin
Dimitri Payet
Théo Hernandez
Eric Cantona
Antoine Griezmann
Benjamin pavard
Youri Djorkaeff
Samir Nasri
Raphaël Varane
Edouardo camavinga
Alain Giresse
Yohann gourcouff
Laurent Koscielny
Dominique Rocheteau
 
Statistiques - réponses
Réponse % Correct
Emmanuel Petit
79%
Lilian Thuram
75%
Antoine Griezmann
74%
Benjamin pavard
73%
Michel Platini
67%
Raphaël Varane
62%
Karim Benzema
59%
Aurélien Tchouameni
58%
Laurent Blanc
53%
Théo Hernandez
44%
Youri Djorkaeff
43%
Florent Malouda
42%
Alain Giresse
39%
Marius trésor
39%
Mathieu Valbuena
36%
Dominique Rocheteau
32%
Bixente Lizarazu
27%
Jean Tigana
26%
Moussa Sissoko
26%
Luis Fernandez
24%
Aucun quiz correspondant
Distribution des résultats
% des personnes avec chaque résultat
Percentile par nombre de réponses
Votre historique - résultats
Vous n’avez pas pris ce quiz